000 00786nam a2200253Ia 4500
003 OSt
005 20220927110351.0
006 a|||||r|||| 00| 0
007 ta
008 220926b |||||||| |||| 00| 0 eng d
024 _a56860
037 _cReports
040 _aRTL
_cRTL
_beng
041 _2eng
_aeng
082 _a"X:957.273.N22t, F3/GD"
110 _aBihar and Orissa Retrenchment committee
_9376834
245 0 _aReport of the proceedings of the retrenchment comm
260 _aPatna
_bGovt Printing India
_c1923
300 _a308p.
_ccm.
650 _aEmployment and Serivce
_9376835
700 _aBihar and Orissa Retrenchment committee
_9376836
942 _h"X:957.273.N22t, F3/GD"
_cCC
999 _c695886
_d695886